Earth science demystified

Spremljeno u:
Bibliografski detalji
Glavni autor: Williams, Linda
Format: Knjiga
Jezik:Undetermined
Izdano: New York McGraw-Hill 2004
Teme:
Oznake: Dodaj oznaku
Bez oznaka, Budi prvi tko označuje ovaj zapis!
Thư viện lưu trữ: Trung tâm Học liệu Trường Đại học Cần Thơ
LEADER 00479nam a2200193Ia 4500
001 CTU_88102
008 210402s9999 xx 000 0 und d
020 |c 18.95 
082 |a 550 
082 |b W721 
100 |a Williams, Linda 
245 0 |a Earth science demystified 
245 0 |c Linda Williams 
260 |a New York 
260 |b McGraw-Hill 
260 |c 2004 
650 |a Earth sciences 
904 |i Năm 
980 |a Trung tâm Học liệu Trường Đại học Cần Thơ